Vývoj a aktuálne trendy v zaistení diplomová práca

Salvato in:
Dettagli Bibliografici
Autore principale: Csóková, Simona
Ente Autore: Národohospodárska fakulta EU. Katedra poisťovníctva
Altri autori: Ondruška, Tomáš, 1988-
Natura: Libro
Lingua:slovacco
Pubblicazione: Bratislava 2018
Tags: Aggiungi Tag
Nessun Tag, puoi essere il primo ad aggiungerne!!

MARC

LEADER 00000nbm a2200000 4500
001 0244401
005 20181114081255.4
041 0 |a slo 
044 |a SK 
245 1 0 |a Vývoj a aktuálne trendy v zaistení  |b diplomová práca  |c Simona Csóková ; školiteľ: Tomáš Ondruška 
264 1 |a Bratislava  |c 2018 
300 |a 68 s. 
100 1 |a Csóková, Simona 
700 1 |a Ondruška, Tomáš, 1988- 
710 2 |a Národohospodárska fakulta EU. Katedra poisťovníctva